Statistics for U.S. States with the Most IMAX Screens

Click here to take the quiz!

General Stats

  • This quiz has been taken 66 times
  • The average score is 10 of 12

Answer Stats

#State% Correct
49California
100%
19New York
98%
33Florida
95%
28Texas
95%
13Georgia
88%
18Illinois
88%
13Pennsylvania
83%
13Virginia
82%
13Washington
82%
10Michigan
80%
11North Carolina
80%
11New Jersey
69%

Score Distribution

Percentile by Number Answered

Percent of People with Each Score

Your Score History

You have not taken this quiz